Digital watermarking and steganography (Record no. 2392)
[ view plain ]
| 000 -LEADER | |
|---|---|
| fixed length control field | 00878nam a2200301Ia 4500 |
| 003 - CONTROL NUMBER IDENTIFIER | |
| control field | OSt |
| 005 - DATE AND TIME OF LATEST TRANSACTION | |
| control field | 20220107122657.0 |
| 008 - FIXED-LENGTH DATA ELEMENTS--GENERAL INFORMATION | |
| fixed length control field | 130318s9999 xx 000 0 und d |
| 020 ## - INTERNATIONAL STANDARD BOOK NUMBER | |
| International Standard Book Number | 9780123725851 |
| 040 ## - CATALOGING SOURCE | |
| Transcribing agency | IIITMK |
| 082 ## - DEWEY DECIMAL CLASSIFICATION NUMBER | |
| Classification number | 005.82 COX/D |
| 100 ## - MAIN ENTRY--PERSONAL NAME | |
| Personal name | Cox, Ingemar J. |
| 9 (RLIN) | 10554 |
| 245 ## - TITLE STATEMENT | |
| Title | Digital watermarking and steganography |
| Statement of responsibility, etc. | Ingemar J. Cox et.al. |
| 250 ## - EDITION STATEMENT | |
| Edition statement | 2 |
| 260 ## - PUBLICATION, DISTRIBUTION, ETC. | |
| Name of publisher, distributor, etc. | Morgan Kaufman Publishers, |
| Place of publication, distribution, etc. | USA, |
| Date of publication, distribution, etc. | 2008. |
| 300 ## - PHYSICAL DESCRIPTION | |
| Extent | xxvii, 593p. |
| 650 ## - SUBJECT ADDED ENTRY--TOPICAL TERM | |
| Topical term or geographic name entry element | COMPUTER SCIENCE |
| 9 (RLIN) | 10555 |
| 650 ## - SUBJECT ADDED ENTRY--TOPICAL TERM | |
| Topical term or geographic name entry element | COMPUTER PROGRAMMING |
| 9 (RLIN) | 10556 |
| 650 ## - SUBJECT ADDED ENTRY--TOPICAL TERM | |
| Topical term or geographic name entry element | NETWORK SECURITY |
| 9 (RLIN) | 10557 |
| 650 ## - SUBJECT ADDED ENTRY--TOPICAL TERM | |
| Topical term or geographic name entry element | DATA SECURITY |
| 9 (RLIN) | 10558 |
| 650 ## - SUBJECT ADDED ENTRY--TOPICAL TERM | |
| Topical term or geographic name entry element | WATERMARK SECURITY |
| 9 (RLIN) | 10559 |
| 650 ## - SUBJECT ADDED ENTRY--TOPICAL TERM | |
| Topical term or geographic name entry element | STEGANOGRAPHY |
| 9 (RLIN) | 10560 |
| 700 ## - ADDED ENTRY--PERSONAL NAME | |
| Personal name | Miller, Mathew D. |
| 9 (RLIN) | 10563 |
| 700 ## - ADDED ENTRY--PERSONAL NAME | |
| Personal name | Bloom, Jeffrey A. |
| 9 (RLIN) | 10564 |
| 700 ## - ADDED ENTRY--PERSONAL NAME | |
| Personal name | Fridrich, Jessica |
| 9 (RLIN) | 10565 |
| 700 ## - ADDED ENTRY--PERSONAL NAME | |
| Personal name | Kalker, Ton |
| 9 (RLIN) | 10566 |
| 942 ## - ADDED ENTRY ELEMENTS (KOHA) | |
| Source of classification or shelving scheme | Dewey Decimal Classification |
| Koha item type | Books |
| Withdrawn status | Lost status | Damaged status | Not for loan | Collection code | Home library | Current library | Shelving location | Date acquired | Cost, normal purchase price | Total Checkouts | Total Renewals | Full call number | Barcode | Date last seen | Date last checked out | Price effective from | Koha item type | Source of classification or shelving scheme |
|---|---|---|---|---|---|---|---|---|---|---|---|---|---|---|---|---|---|---|
| Cryptography/ Cyber Security | Kerala University of Digital Sciences, Innovation and Technology Knowledge Centre | Kerala University of Digital Sciences, Innovation and Technology Knowledge Centre | Computer Science | 18/03/2013 | 4169.00 | 5 | 1 | 005.82 COX/D | 2411 | 03/12/2020 | 27/07/2016 | 18/03/2013 | Books | |||||
| Cryptography/ Cyber Security | Kerala University of Digital Sciences, Innovation and Technology Knowledge Centre | Kerala University of Digital Sciences, Innovation and Technology Knowledge Centre | Computer Science | 30/08/2016 | 5370.00 | 1 | 005.82 COX/D;1 | 4648 | 03/12/2020 | 14/01/2017 | 30/08/2016 | Books | Dewey Decimal Classification |